[Event "Groningen Atlantis op-A"]
[Site "Groningen"]
[Date "2013.08.25"]
[Round "6"]
[White "Ernst, Sipke"]
[Black "Van Velzen, Martin"]
[Result "1-0"]
[WhiteElo "2560"]
[BlackElo "1878"]
[PlyCount "71"]
[EventDate "2013.08.22"]
[EventType "swiss"]
[EventRounds "7"]
[EventCountry "NED"]
[SourceTitle "CBM 156 Extra"]
[Source "ChessBase"]
[SourceDate "2013.10.22"]
[SourceVersion "1"]
[SourceVersionDate "2013.10.22"]
[SourceQuality "1"]

1. d4 g6 2. c3 Bg7 3. Bg5 d6 4. Nd2 Nf6 5. e4 0-0 6. Ngf3 h6 7. Bh4 Qe8 8. Bd3 e5 9. 0-0 Nc6 10. Re1 Nh5 11. dxe5 dxe5 12. Nc4 Nf4 13. Bf1 g5 14. Bg3 Bg4 15. Ne3 Rd8 16. Qb3 Bxf3 17. gxf3 b6 18. Bb5 Nd3 19. Red1 Nc5 20. Qc4 Na5 21. Qf1 c6 22. Be2 Ne6 23. b4 Nb7 24. Nf5 b5 25. a4 a6 26. axb5 axb5 27. Ra7 Rxd1 28. Qxd1 Qb8 29. Ne7+ Kh8 30. Nxc6 Qc7 31. Na5 Ned8 32. Nxb7 Qb6 33. Nxd8 Qxa7 34. Nc6 Qb6 35. Qd5 Rc8 36. Bxb5 1-0

[Event "Drents op"]
[Site "Assen"]
[Date "2012.12.01"]
[Round "3"]
[White "Van Velzen, Martin"]
[Black "Zilverberg, Paul"]
[Result "1-0"]
[WhiteElo "1958"]
[BlackElo "1565"]
[PlyCount "103"]
[EventDate "2012.11.30"]
[EventType "swiss"]
[EventRounds "6"]
[EventCountry "NED"]
[SourceTitle "EXT 2015"]
[Source "ChessBase"]
[SourceDate "2014.11.20"]
[SourceVersion "1"]
[SourceVersionDate "2014.11.20"]
[SourceQuality "1"]

1. e4 e5 2. Nf3 Nc6 3. Bb5 Nf6 4. d3 d6 5. c3 Be7 6. 0-0 0-0 7. Re1 Bd7 8. Nbd2 a6 9. Ba4 b5 10. Bc2 Na5 11. b4 Nb7 12. d4 exd4 13. cxd4 c6 14. Bb2 Bg4 15. h3 Bh5 16. g4 Bg6 17. Nh2 Nd7 18. f4 f6 19. f5 Bf7 20. Nhf3 Nb6 21. a3 Nc4 22. Nxc4 Bxc4 23. Bb3 d5 24. e5 fxe5 25. dxe5 Qc7 26. Bxc4 bxc4 27. Nd4 Nd8 28. Qd2 Qb6 29. Kh1 Qb7 30. g5 c5 31. bxc5 Bxc5 32. f6 Bxd4 33. Bxd4 Ne6 34. Rab1 Qf7 35. Kh2 Rab8 36. Bc3 Qd7 37. Bb4 Rfc8 38. Rbd1 d4 39. Re4 Qc6 40. Rxd4 Nxd4 41. Qxd4 Qe6 42. Kg2 Re8 43. Qa7 Qc6+ 44. Kg3 Rb7 45. Qd4 Qe6 46. Qd5 Qxd5 47. Rxd5 gxf6 48. gxf6 Kf7 49. Kf4 Rc8 50. Kf5 Rc6 51. Rd8 c3 52. Rf8# 1-0

[Event "Drents op"]
[Site "Assen"]
[Date "2012.11.30"]
[Round "1"]
[White "Van Velzen, Martin"]
[Black "Van der Werff, Silvia"]
[Result "1/2-1/2"]
[WhiteElo "1958"]
[BlackElo "1467"]
[PlyCount "46"]
[EventDate "2012.11.30"]
[EventType "swiss"]
[EventRounds "6"]
[EventCountry "NED"]
[SourceTitle "EXT 2015"]
[Source "ChessBase"]
[SourceDate "2014.11.20"]
[SourceVersion "1"]
[SourceVersionDate "2014.11.20"]
[SourceQuality "1"]

1. c4 Nf6 2. g3 g6 3. Bg2 Bg7 4. Nc3 d6 5. e4 e5 6. Nge2 0-0 7. 0-0 Nbd7 8. d3 a5 9. b3 Nc5 10. Bb2 Qe7 11. Qc2 Bh6 12. Nd5 Nxd5 13. cxd5 Bg7 14. d4 exd4 15. Nxd4 Re8 16. Rfe1 Bd7 17. f4 Rac8 18. e5 dxe5 19. fxe5 b6 20. Qd2 Rcd8 21. Qe2 Qg5 22. Nf3 Qf5 23. Rad1 Bc8 1/2-1/2

[Event "Groningen op-B"]
[Site "Groningen"]
[Date "2008.12.24"]
[Round "4"]
[White "Kleter, Ernst Jan"]
[Black "Van Velzen, Martin"]
[Result "0-1"]
[WhiteElo "1626"]
[BlackElo "1796"]
[PlyCount "96"]
[EventDate "2008.12.21"]
[EventType "swiss"]
[EventRounds "9"]
[EventCountry "NED"]
[SourceTitle "CBM 127 Extra"]
[Source "ChessBase"]
[SourceDate "2009.01.08"]
[SourceVersion "2"]
[SourceVersionDate "2009.01.28"]
[SourceQuality "1"]

1. c4 f5 2. Nf3 Nf6 3. g3 g6 4. b3 Bg7 5. Bb2 0-0 6. d4 d6 7. Nbd2 e5 8. e3 e4 9. Ng1 Na6 10. Ne2 Nh5 11. a3 c5 12. Nb1 Rb8 13. Nbc3 Nc7 14. Nb5 Nxb5 15. cxb5 Bd7 16. a4 a6 17. Nf4 Nxf4 18. gxf4 axb5 19. axb5 Be6 20. h4 cxd4 21. Bxd4 Bxd4 22. Qxd4 Bxb3 23. h5 Qf6 24. Qxf6 Rxf6 25. Be2 Rff8 26. hxg6 hxg6 27. Kd2 Rfc8 28. Rhc1 Kf7 29. Rc3 Rxc3 30. Kxc3 Bd5 31. Kd4 Ke6 32. Rg1 Rg8 33. Bc4 Bxc4 34. Kxc4 b6 35. Kb4 d5 36. Rc1 Rd8 37. Rg1 Kf6 38. Rc1 d4 39. Rc6+ Ke7 40. exd4 Rxd4+ 41. Kc3 Rd3+ 42. Kc4 Rf3 43. Rxg6 Rxf4 44. Rxb6 e3+ 45. Kd5 exf2 46. Re6+ Kf7 47. Kd6 Rd4+ 48. Ke5 Re4+ 0-1